000 00833nas a2200265 4500
001 BR2010000578
003 BR-BrBNA
005 20231205113853.0
007 ta
008 230509b bl.|||p| |||| 00| 00por d
040 _aBR-BrBNA
_bpor
_cBiblioteca Nacional de Agricultura
041 _a(Pt)
072 _aQ04
100 1 _aClemente, M. das G.
100 1 _aAbreu, L.R. de
100 1 _aPinto, S.M.
100 1 _aRezende, C.P.A.
245 1 _aPerfil dos ácidos graxos de "manteiga de garrafa" produzidas na região de Salinas, Minas Gerais
650 _aMANTEIGA
650 _aÁCIDO GRAXO
650 _aCOMPOSIÇÃO QUÍMICA
773 0 _tCiência e Agrotecnologia (Brazil)
_xISSN 1413-7054
_g(Nov-Dec 2009), v. 33(6) p. 1615-1620
_wBR2010000578
909 _a202311
_bLúcia
_c55
_dLúcia Elande
942 _2AGRIS
_n0
_cANA
999 _c206041
_d206041